000 01378cam a22003737a 4500
003 CHAP
005 20220329141831.0
008 971127d1997 mx a r 00110 spa d
010 _a74551
011 _a75523
035 _a85087
040 _cCHAP
090 _aTesis
100 0 0 _aChávez Escamilla, Raúl.
_922694
245 1 0 _aConstrucción de un equipo para separar el ahuate de la tuna
_c/por Raúl Chávez Escamilla y José Alberto Muñoz Mendoza
260 _aChapingo, Méx. :
_bEl autor,
_c1997.
300 _a102 h. :
_bilus. ; anexo
502 _aTesis (Ing. Mecánico Agrícola) -- UACH. Ingeniería Mecánica Agrícola
590 _aALEPH
_b10
_c20130110
_lUCH01
_h1420
590 _aBATCH-UPD
_b10
_c20130110
_lUCH01
_h0327
590 _aBATCH-UPD
_b10
_c20130110
_lUCH01
_h1558
590 _aBATCH-UPD
_b10
_c20130410
_lUCH01
_h0000
590 _aBATCH-UPD
_b10
_c20130914
_lUCH01
_h0927
590 _aCONVERSION
_b10
_c20130109
_lUCH01
_h1341
650 1 4 _aMaquinaria agrícola
_xDiseño.
_971168
650 1 4 _aMaquinaria agrícola
_xFabricación y comercio.
_971172
650 1 4 _aTuna
_xImplementos y maquinaria.
_9115555
700 0 _aMúñoz Mendoza, José Alberto.
_979135
901 _aBK
905 _aGuadalupe Pinto C.
942 _cFOLL
949 _bBC
_cTES
_d33724000638698
_eTS2
_fc.2
_h31816
_i85087
_si
949 _bBC
_cTES
_d850871
_eTS1
_h31815
_i85087
_sb
999 _c74551
_d74551